MLB 2024 Offensive Stat Leaders - Statistics

General Stats
  • This quiz has been taken 177 times
  • The average score is 91 of 150
Answer Stats
Team Stat Answer % Correct
Astros H Jose Altuve (185)
86%
Dodgers wRC+ Shohei Ohtani (181)
86%
Dodgers H Shohei Ohtani (197)
86%
Dodgers AVG Shohei Ohtani (.310)
86%
Dodgers HR Shohei Ohtani (54)
86%
Dodgers WAR Shohei Ohtani (9.1)
86%
Yankees WAR Aaron Judge (11.2)
83%
Yankees H Aaron Judge (180)
83%
Yankees wRC+ Aaron Judge (218)
83%
Yankees AVG Aaron Judge (.322)
83%
Yankees HR Aaron Judge (58)
83%
Phillies wRC+ Bryce Harper (145)
80%
Phillies H Bryce Harper (157)
80%
Phillies WAR Bryce Harper (5.2)
80%
Astros wRC+ Yordan Alvarez (168)
80%
Astros AVG Yordan Alvarez (.308)
80%
Astros HR Yordan Alvarez (35)
80%
Astros WAR Yordan Alvarez (5.3)
80%
Reds wRC+ Elly De La Cruz (118)
79%
Reds H Elly De La Cruz (160)
79%
Reds HR Elly De La Cruz (25)
79%
Reds AVG Elly De La Cruz (.259)
79%
Reds WAR Elly De La Cruz (6.4)
79%
Guardians wRC+ Jose Ramirez (141)
79%
Guardians H Jose Ramirez (173)
79%
Guardians HR Jose Ramirez (39)
79%
Guardians WAR Jose Ramirez (6.5)
79%
Athletics H Brent Rooker (160)
78%
Athletics wRC+ Brent Rooker (164)
78%
Athletics AVG Brent Rooker (.293)
78%
Athletics HR Brent Rooker (39)
78%
Athletics WAR Brent Rooker (5.1)
78%
Phillies HR Kyle Schwarber (38)
76%
Padres H Manny Machado (163)
76%
Padres HR Manny Machado (29)
76%
Rangers wRC+ Corey Seager (140)
75%
Rangers AVG Corey Seager (.278)
75%
Rangers HR Corey Seager (30)
75%
Rangers WAR Corey Seager (4.5)
75%
Mets wRC+ Francisco Lindor (137)
74%
Mets H Francisco Lindor (169)
74%
Mets AVG Francisco Lindor (.273)
74%
Mets WAR Francisco Lindor (7.8)
74%
Mets HR Pete Alonso (34)
74%
Royals WAR Bobby Witt Jr (10.4)
72%
Royals wRC+ Bobby Witt Jr (168)
72%
Royals H Bobby Witt Jr (211)
72%
Royals HR Bobby Witt Jr (32)
72%
Royals AVG Bobby Witt Jr (.332)
72%
Mariners H Julio Rodriguez (155)
71%
Mariners AVG Julio Rodriguez (.273)
71%
Orioles wRC+ Gunnar Henderson (155)
70%
Orioles H Gunnar Henderson (177)
70%
Orioles AVG Gunnar Henderson (.281)
70%
Orioles WAR Gunnar Henderson (8.0)
70%
Red Sox wRC+ Rafael Devers (134)
70%
Braves wRC+ Marcell Ozuna (154)
69%
Braves H Marcell Ozuna (183)
69%
Braves AVG Marcell Ozuna (.302)
69%
Braves HR Marcell Ozuna (39)
69%
Braves WAR Marcell Ozuna (4.7)
69%
Phillies AVG Trea Turner (.295)
69%
Red Sox H Jarren Duran (191)
68%
Red Sox AVG Jarren Duran (.285)
68%
Red Sox WAR Jarren Duran (6.7)
68%
Diamondbacks H Ketel Marte (147)
65%
Diamondbacks wRC+ Ketel Marte (151)
65%
Diamondbacks AVG Ketel Marte (.293)
65%
Diamondbacks HR Ketel Marte (36)
65%
Diamondbacks WAR Ketel Marte (6.3)
65%
Pirates wRC+ Bryan Reynolds (118)
64%
Pirates H Bryan Reynolds (171)
64%
Pirates HR Bryan Reynolds (24)
64%
Pirates AVG Bryan Reynolds (.275)
64%
Mariners wRC+ Cal Raleigh (117)
64%
Mariners HR Cal Raleigh (34)
64%
Mariners WAR Cal Raleigh (5.4)
64%
Rangers H Marcus Semien (154)
64%
Pirates WAR Oneil Cruz (3.5)
64%
Orioles HR Anthony Santander (44)
63%
Cardinals HR Paul Goldschmidt (22)
63%
Blue Jays H Vladimir Guerrero Jr (124)
63%
Blue Jays wRC+ Vladimir Guerrero Jr (165)
63%
Blue Jays HR Vladimir Guerrero Jr (30)
63%
Blue Jays AVG Vladimir Guerrero Jr (.323)
63%
Blue Jays WAR Vladimir Guerrero Jr (5.5)
63%
Padres WAR Jackson Merrill (5.4)
60%
Padres AVG Luis Arraez (.318)
60%
Nationals HR CJ Abrams
59%
Guardians AVG Steven Kwan (.292)
59%
Brewers wRC+ William Contreras (131)
59%
Brewers H William Contreras (167)
59%
Brewers AVG William Contreras (.281)
59%
Brewers WAR William Contreras (5.4)
59%
Brewers HR Willy Adames (32)
59%
Rays wRC+ Yandy Diaz (120)
58%
Rays H Yandy Diaz (158)
58%
Rays AVG Yandy Diaz (.281)
58%
Giants wRC+ Matt Chapman (121)
57%
Giants H Matt Chapman (142)
57%
Giants HR Matt Chapman (27)
57%
Giants WAR Matt Chapman (5.5)
57%
Cubs H Nico Hoerner (159)
54%
Angels wRC+ Zach Neto (114)
54%
Angels WAR Zach Neto (3.5)
54%
Cubs HR Ian Happ (25)
53%
Angels H Taylor Ward (144)
53%
Angels HR Taylor Ward (25)
53%
Cubs wRC+ Seiya Suzuki (138)
52%
Cubs AVG Seiya Suzuki (.283)
52%
Rockies H Ezequiel Tovar (176)
51%
Rockies HR Ezequiel Tovar (26)
51%
Rockies AVG Ezequiel Tovar (.269)
51%
Tigers wRC+ Riley Greene (135)
50%
Tigers HR Riley Greene (24)
50%
Tigers AVG Riley Greene (.262)
50%
Tigers WAR Riley Greene (4.0)
50%
Rays HR Brandon Lowe (21)
49%
Rockies wRC+ Brenton Doyle (97)
47%
Rockies WAR Ezequiel Tovar & Brenton Doyle (3.7)
47%
Cubs WAR Dansy Swanson (4.3)
46%
Padres wRC+ Jurickson Profar (139)
45%
Marlins wRC+ Jake Burger (106)
44%
Marlins H Jake Burger (134)
44%
Marlins HR Jake Burger (29)
44%
Cardinals WAR Masyn Winn (3.6)
38%
White Sox HR Andrew Benintendi (20)
37%
Rays WAR Isaac Paredes (3.0)
36%
Red Sox HR Tyler O'Neill (31)
36%
Cardinals wRC+ Brendan Donovan (115)
33%
Cardinals H Brendan Donovan (163)
33%
Cardinals AVG Brendan Donovan (.278)
33%
Giants AVG Heliot Ramos (.269)
32%
White Sox H Andrew Vaughn (140)
31%
White Sox AVG Andrew Vaughn (.246)
31%
White Sox wRC+ Andrew Vaughn (97)
31%
Twins wRC+ Carlos Santana (114)
30%
Twins HR Carlos Santana (23)
30%
Marlins AVG Jesus Sanchez (.252)
30%
Angels AVG Nolan Schanuel (.250)
28%
White Sox WAR Nicky Lopez (0.9)
26%
Marlins WAR Otto Lopez (2.5)
26%
Nationals wRC+ Luis Garcia Jr (111)
25%
Nationals H Luis Garcia Jr (141)
25%
Nationals AVG Luis Garcia Jr (.282)
25%
Nationals WAR Luis Garcia Jr (3.1)
25%
Twins H Willi Castro (138)
21%
Twins AVG Willi Castro (.247)
21%
Twins WAR Willi Castro (3.1)
21%
Tigers H Riley Greene & Colt Keith (134)
14%
No matching quizzes found
Score Distribution
Percent of People with Each Score
Percentile by Number Answered
Your Score History
You have not taken this quiz